000 00529nam a2200181 4500
003 SEACOMMC
005 20250412121551.0
008 240913b |||||||| |||| 00| 0 eng d
020 _a 978-81-2030-978-4
_cRs.250.00
040 _aSEACOMMC
082 _a004.616
_bG427
100 _aGhosh, P. K
245 1 _a0000 to 8085 Introduction to Microprocessors for Engineers and Scientists
_cP. K. Ghosh, P. R Sridhar
250 _a2nd ed.
260 _a New Delhi
_bPrentice-Hall
_c1995
650 _aMicroprocessors
942 _cBOOK
999 _c553
_d553